000 00439nam a2200205Ia 4500
001 001497
003 YMCAF
005 20230512160103.0
008 100717s1965 ||||||||||||||||| ||und|d
024 _a1497
035 _a1478
040 _aYMCAF
_beng
_cIN-KoLT
041 _aeng
082 _aHAN-THO1
100 _aTHOMAS HERYS
245 0 _aHAND BOOK OF ELEC. ENGG AND TECH.
260 _c1965
300 _a427
942 _2ddc
_cBK
999 _c1212
_d1212